| 000 | 00612nam a2200181Ia 4500 | ||
|---|---|---|---|
| 003 | GCL | ||
| 008 | 140319s9999 xx 000 0 ara d | ||
| 040 |
_aGCL / _cGCL |
||
| 082 | 0 | 4 |
_aق _b327.114 _bع ب |
| 100 | 1 | _aعبدالغنى عبدالرحمن محمد | |
| 245 | 1 | 0 |
_aالبحر الأحمر والأطماع الدولية / _cعبدالغنى عبدالرحمن محمد |
| 490 |
_aكتاب _v0 |
||
| 650 | 0 | 4 | _aالعلاقات الدولية |
| 650 | 0 | 4 | _aالجغرافيا التاريخية |
| 650 | 0 | 4 | _aالبحر الاحمر |
| 650 | 0 | 4 | _aراس الرجاء الصالح |
| 942 |
_2ddc _cBK |
||
| 999 |
_c42382 _d42382 |
||